La realidad invisible : (Record no. 181342)

MARC details
000 -LEADER
campo de control de longitud fija 01184nam a2200265 i 4500
001 - NÚMERO DE CONTROL
campo de control 181342
003 - IDENTIFICADOR DE NÚMERO DE CONTROL
campo de control ES-MaACL
005 - FECHA Y HORA DE LA ÚLTIMA TRANSACCIÓN
campo de control 20231227062545.0
008 - DATOS DE LONGITUD FIJA--INFORMACIÓN GENERAL
campo de control de longitud fija 121212s2011 sp | |||||||| | spa d
020 ## - NÚMERO INTERNACIONAL ESTÁNDAR DEL LIBRO
Número Internacional Estándar del Libro 978-84-9895-070-0
080 ## - NÚMERO DE LA CLASIFICACIÓN DECIMAL UNIVERSAL
Número de la Clasificación Decimal Universal 821.134.2-14"19"
100 1# - ENTRADA PRINCIPAL--NOMBRE DE PERSONA
Nombre de persona Jiménez, Juan Ramón,
Fechas asociadas al nombre 1881-1958
9 (RLIN) 66417
245 13 - MENCIÓN DEL TÍTULO
Título La realidad invisible :
Resto del título (1917-1923) ; Unidad ; Fuego y sentimiento ; Luz de la atención ; La mujer desnuda : (1918-1923) ; La muerte ; La obra : (1919-1923) ; Hacia otra desnudez : (1918-1936) /
Mención de responsabilidad, etc. [Juan Ramón Jiménez] ; texto base según versión de Antonio Sánchez Romeralo ; prólogo de Juan Lamillar.
260 ## - PUBLICACIÓN, DISTRIBUCIÓN, ETC.
Lugar de publicación, distribución, etc. Madrid :
Nombre del editor, distribuidor, etc. Visor Libros ;
Lugar de publicación, distribución, etc. [Huelva] :
Nombre del editor, distribuidor, etc. Diputación de Huelva,
Fecha de publicación, distribución, etc. 2011.
300 ## - DESCRIPCIÓN FÍSICA
Extensión 215 p. ;
Dimensiones 20 cm.
490 1# - MENCIÓN DE SERIE
Mención de serie Obras de Juan Ramón Jiménez ;
Designación de volumen o secuencia 21
490 1# - MENCIÓN DE SERIE
Mención de serie Poesía escojida ;
Designación de volumen o secuencia 4
700 1# - ENTRADA AGREGADA--NOMBRE PERSONAL
Nombre de persona Sánchez Romeralo, Antonio.
9 (RLIN) 102898
700 1# - ENTRADA AGREGADA--NOMBRE PERSONAL
Nombre de persona Lamillar, Juan.
9 (RLIN) 69853
830 1# - PUNTO DE ACCESO ADICIONAL DE SERIE-TÍTULO UNIFORME
Título uniforme Obras de Juan Ramón Jiménez
Designación de volumen o secuencia 21
9 (RLIN) 191022
830 1# - PUNTO DE ACCESO ADICIONAL DE SERIE-TÍTULO UNIFORME
Título uniforme Poesía escojida ;
Designación de volumen o secuencia 4
9 (RLIN) 191442
852 4# - LOCALIZACIÓN
Ubicación ES-MaACL
Número de control de estantería A-12394
itemnumber 188226
Sublocalización o colección R.148330
Ubicación en estantería Depósito 1
Signatura antigua Olim: N-5399
942 ## - ELEMENTOS DE ENTRADA SECUNDARIOS (KOHA)
Fuente del sistema de clasificación o colocación Clasificación decimal universal
Tipo de ítem Koha Libro impreso
Holdings
Estatus retirado Estado de pérdida Fuente del sistema de clasificación o colocación Estado de daño No para préstamo Biblioteca de origen Biblioteca actual Ubicación en estantería Fecha de adquisición Fuente de adquisición Total de préstamos Signatura topográfica completa Código de barras Visto por última vez Precio de reemplazo Tipo de ítem Koha
    Clasificación decimal universal     Biblioteca del Ateneo de Madrid Biblioteca del Ateneo de Madrid Depósito 1 12/12/2012 Compra   A-12394 1190566 23/02/2023 23/02/2023 Libro impreso